00939nam a2200193 i 450000100060000000300090000600500170001500700030003200800410003524501430007626000570021930000290027650501590030565000450046471000790050985200200058899900170060895201200062583628ES-MaACL20230906174851.0t|041117s1982 sp ||||1| spa d00aInventario del planeamiento, 1981 / cMinisterio de Obras Públicas y Urbanismo, Dirección General de Acción Territorial y Urbanismo. a[Madrid : bMOPU, Servicio de Publicaciones, c1982] a10 fasc. ; c22 x 31 cm.8 aContiene: 1. Memoria - 2. Andalucía - 3. Asturias - 4. Baleares - 5. Cantabria - 6. Castilla-León - 7. Galicia - 8. La Rioja - 9. Murcia - 10. Navarra 4aPlanes urbanísticos-zEspaña.9161041 aEspaña. bDirección General de Acción Territorial y Urbanismo.93696 aES-MaACLjP-619 c83628d83628 00104070aATENEOMbATENEOMcDEPO2d2008-01-17eSCl0oP-619p1087403r2023-02-23 00:00:00w2023-02-23yMONOGRAFIA